000 00523nam a2200205Ia 4500
005 20250923150424.0
008 008 250917s9999 xx 000 0 eng d
037 _aTextual
040 _aDSWL
_beng
_cDSWL
041 _aeng
_2eng
084 _qDSWL
100 _aBadgujar, N R
_9845781
245 0 _aParticipatory approaches in social work
_cby N R Badgujar
260 _aDelhi
_b Current Pub.
_c2020
300 _a248 p.
365 _aINR
_b995
925 _g995
942 _cTEXL
999 _c1463275
_d1463275